IX Jornadas Latinoamericanas de Derecho Tributario / (Registro nro. 7588)

Detalles MARC
000 -LEADER
fixed length control field 01043nam a2200217Ia 4500
003 - CONTROL NUMBER IDENTIFIER
control field OSt
005 - DATE AND TIME OF LATEST TRANSACTION
control field 20210420120233.0
008 - FIXED-LENGTH DATA ELEMENTS--GENERAL INFORMATION
fixed length control field 210310s1979 py gr 100 0 spa d
040 ## - CATALOGING SOURCE
Original cataloging agency CO-JMCR
Transcribing agency CO-JMCR
041 0# - LANGUAGE CODE
Language code of text/sound track or separate title spa
082 04 - DEWEY DECIMAL CLASSIFICATION NUMBER
Classification number 343.04 /
Item number J828j1
Edition number 23
111 2# - MAIN ENTRY--MEETING NAME
Meeting name or jurisdiction name as entry element Jornadas Latinoamericanas de Derecho Tributario
Number of part/section/meeting (9a :
Date of meeting or treaty signing 1979 :
Location of meeting Asunción Paraguay)
9 (RLIN) 37006
245 10 - TITLE STATEMENT
Title IX Jornadas Latinoamericanas de Derecho Tributario /
Statement of responsibility, etc. Instituto Latinoamericano de Derecho Tributario y la Asociación Paraguaya de Estudios Administrativos y Fiscales
260 ## - PUBLICATION, DISTRIBUTION, ETC.
Place of publication, distribution, etc. Asunción :
Name of publisher, distributor, etc. Instituto Latinoamericano de Derecho Tributario,
Date of publication, distribution, etc. 1979
300 ## - PHYSICAL DESCRIPTION
Other physical details 397 páginas ;
Dimensions 26 cm.
505 0# - FORMATTED CONTENTS NOTE
Formatted contents note Empresas conjuntas -- Puertos francos, Zonas francas y Depósitos francos
650 14 - SUBJECT ADDED ENTRY--TOPICAL TERM
Topical term or geographic name entry element Derecho fiscal
9 (RLIN) 14869
Form subdivision Congresos, conferencias, etc.
Geographic subdivision América Latina
710 1# - ADDED ENTRY--CORPORATE NAME
Corporate name or jurisdiction name as entry element Instituto Latinoamericano de Derecho Tributario
Relator term organizador
9 (RLIN) 36874
710 1# - ADDED ENTRY--CORPORATE NAME
Corporate name or jurisdiction name as entry element Asociación Paraguaya de Estudios Administrativos y Fiscales
Relator term organizador
9 (RLIN) 37007
942 ## - ADDED ENTRY ELEMENTS (KOHA)
Source of classification or shelving scheme Dewey Decimal Classification
Koha item type Books
Existencias
Withdrawn status Lost status Source of classification or shelving scheme Damaged status Not for loan Home library Current library Date acquired Full call number Barcode Date last seen Copy number Koha item type
    Dewey Decimal Classification     Biblioteca Pública José María del Castillo y Rada Biblioteca Pública José María del Castillo y Rada 03/10/2021 343.04 / J828j1 430004539 05/16/2024 Ej.1 Books